[Event "Regionalliga SO 1011"]
[Site "Bayern"]
[Date "2010.12.12"]
[Round "4.6"]
[White "Tauber, Rainer"]
[Black "Moser, Wolfgang"]
[Result "0-1"]
[WhiteElo "1963"]
[BlackElo "2049"]
[PlyCount "136"]
[EventDate "2010.10.10"]
[EventType "team-tourn"]
[EventRounds "9"]
[EventCountry "GER"]
[SourceTitle "EXT 2012"]
[Source "ChessBase"]
[SourceDate "2011.11.24"]
[SourceVersion "1"]
[SourceVersionDate "2011.11.24"]
[SourceQuality "1"]
[WhiteTeam "Deggendorf"]
[BlackTeam "Trostberg"]
[WhiteTeamCountry "GER"]
[BlackTeamCountry "GER"]

1. e4 c5 2. c3 d5 3. d3 e5 4. Nd2 Nf6 5. Ngf3 Nc6 6. Be2 Be7 7. 0-0 0-0 8. Qc2 b6 9. Re1 Bb7 10. Bf1 Qc7 11. exd5 Nxd5 12. Nc4 Bf6 13. g3 g6 14. Bh6 Rfe8 15. Bg2 Rad8 16. Rad1 Bg7 17. Bxg7 Kxg7 18. Re2 f6 19. Rde1 b5 20. Ne3 Nce7 21. a4 a6 22. axb5 axb5 23. Ra1 Nxe3 24. fxe3 Ra8 25. Ree1 Qb6 26. Qf2 Red8 27. d4 cxd4 28. exd4 e4 29. Nd2 f5 30. Qf4 Nd5 31. Qe5+ Qf6 32. Qxf6+ Kxf6 33. Nf1 Rxa1 34. Rxa1 Ra8 35. Rxa8 Bxa8 36. Kf2 Nb6 37. Ne3 Bc6 38. Bf1 g5 39. h4 h6 40. hxg5+ hxg5 41. b3 Bd7 42. c4 f4 43. gxf4 gxf4 44. Nc2 bxc4 45. bxc4 Bg4 46. Nb4 e3+ 47. Ke1 f3 48. Nd3 Nxc4 49. Nf2 exf2+ 50. Kxf2 Nd6 51. Kg3 Kg5 52. Bd3 Nf5+ 53. Kf2 Nxd4 54. Be4 Kf4 55. Bxf3 Bxf3 56. Ke1 Ke3 57. Kf1 Ne2 58. Ke1 Nf4 59. Kf1 Be4 60. Ke1 Bc2 61. Kf1 Bb3 62. Ke1 Ng2+ 63. Kf1 Kf3 64. Kg1 Kg3 65. Kf1 Bc4+ 66. Kg1 Nf4 67. Kh1 Be2 68. Kg1 Nh3+ 0-1

[Event "Regionalliga SO 0910"]
[Site "Bayern"]
[Date "2010.02.07"]
[Round "6.4"]
[White "Schmaus, Horst"]
[Black "Tauber, Rainer"]
[Result "1-0"]
[WhiteElo "1990"]
[BlackElo "1963"]
[PlyCount "65"]
[EventDate "2009.10.18"]
[EventType "team-tourn"]
[EventRounds "9"]
[EventCountry "GER"]
[SourceTitle "EXT 2011"]
[Source "ChessBase"]
[SourceDate "2010.11.26"]
[SourceVersion "1"]
[SourceVersionDate "2010.11.26"]
[SourceQuality "1"]
[WhiteTeam "Landshut"]
[BlackTeam "Deggendorf"]
[WhiteTeamCountry "GER"]
[BlackTeamCountry "GER"]

1. e4 e6 2. d4 d5 3. e5 c5 4. c3 Qb6 5. Nf3 Nc6 6. a3 c4 7. Nbd2 Na5 8. b4 cxb3 9. Bb2 Bd7 10. c4 Ne7 11. Bd3 dxc4 12. Nxc4 Nxc4 13. Bxc4 Bc6 14. 0-0 Nd5 15. Bxb3 Be7 16. Rb1 0-0 17. Bc2 Qa6 18. Re1 Rac8 19. Nd2 Bb5 20. Ne4 Rxc2 21. Qxc2 Bd3 22. Qb3 Bxb1 23. Rxb1 Rc8 24. h3 h6 25. a4 Nb6 26. Nc3 Qc4 27. Qd1 Qb4 28. Ba1 Qc4 29. a5 Nd5 30. Rc1 Ba3 31. Rc2 Nb4 32. Rd2 Qb3 33. Qxb3 1-0

[Event "Regionalliga SO 0910"]
[Site "Bayern"]
[Date "2009.11.15"]
[Round "2.4"]
[White "Bauer, Robert"]
[Black "Tauber, Rainer"]
[Result "1-0"]
[WhiteElo "2103"]
[BlackElo "1963"]
[PlyCount "75"]
[EventDate "2009.10.18"]
[EventType "team-tourn"]
[EventRounds "9"]
[EventCountry "GER"]
[SourceTitle "EXT 2011"]
[Source "ChessBase"]
[SourceDate "2010.11.26"]
[SourceVersion "1"]
[SourceVersionDate "2010.11.26"]
[SourceQuality "1"]
[WhiteTeam "Freising"]
[BlackTeam "Deggendorf"]
[WhiteTeamCountry "GER"]
[BlackTeamCountry "GER"]

1. e4 e6 2. d4 d5 3. Nc3 Be7 4. Nf3 Nf6 5. Bd3 c5 6. exd5 Nxd5 7. Nxd5 Qxd5 8. c4 Qh5 9. Be2 cxd4 10. Nxd4 Qa5+ 11. Bd2 Bb4 12. a3 Bxd2+ 13. Qxd2 Qxd2+ 14. Kxd2 Bd7 15. Nb5 Bxb5 16. cxb5 Nd7 17. Rac1 Rd8 18. Ke3 Nf6 19. Bf3 Nd5+ 20. Bxd5 Rxd5 21. Rc8+ Rd8 22. Rc7 Rd7 23. Rc8+ Rd8 24. Rhc1 0-0 25. R8c7 Rb8 26. Rd1 Rfc8 27. Rxc8+ Rxc8 28. Rd7 Rb8 29. Kd4 Kf8 30. Ke5 Ke8 31. Rc7 h6 32. g4 Kf8 33. h4 Ke8 34. f4 Kf8 35. g5 h5 36. f5 exf5 37. Kxf5 Ke8 38. g6 1-0

[Event "Regionalliga SO 0910"]
[Site "Bayern"]
[Date "2009.10.18"]
[Round "1.4"]
[White "Tauber, Rainer"]
[Black "Hauschild, Helmut"]
[Result "1/2-1/2"]
[WhiteElo "1963"]
[BlackElo "2133"]
[PlyCount "96"]
[EventDate "2009.10.18"]
[EventType "team-tourn"]
[EventRounds "9"]
[EventCountry "GER"]
[SourceTitle "EXT 2011"]
[Source "ChessBase"]
[SourceDate "2010.11.26"]
[SourceVersion "1"]
[SourceVersionDate "2010.11.26"]
[SourceQuality "1"]
[WhiteTeam "Deggendorf"]
[BlackTeam "Waldkraiburg"]
[WhiteTeamCountry "GER"]
[BlackTeamCountry "GER"]

1. e4 c6 2. d4 d5 3. exd5 cxd5 4. c4 Nf6 5. Nc3 g6 6. Qb3 Bg7 7. cxd5 0-0 8. Be2 Nbd7 9. Bf3 Nb6 10. Bf4 Bg4 11. Bxg4 Nxg4 12. Nf3 Nf6 13. d6 exd6 14. 0-0 Nh5 15. Bg5 Qd7 16. Qb5 Nf6 17. Rfe1 Rad8 18. Re2 Qxb5 19. Nxb5 a6 20. Nc3 Rfe8 21. Rae1 Rxe2 22. Rxe2 h6 23. Bh4 g5 24. Bg3 Nfd5 25. Nxd5 Nxd5 26. h4 g4 27. Ne1 f5 28. Nd3 Kf7 29. Nf4 Nxf4 30. Bxf4 Bxd4 31. Rd2 Bc5 32. Bxh6 g3 33. Be3 Bxe3 34. fxe3 Rc8 35. Kf1 Ke6 36. Ke2 Rc4 37. Kf3 Rxh4 38. Kxg3 Rc4 39. Kf3 Ke5 40. g3 d5 41. a3 b5 42. Rh2 Rc1 43. Rd2 a5 44. Rh2 b4 45. axb4 axb4 46. Rh4 Rc4 47. b3 Re4 48. Rh8 Rg4 1/2-1/2

[Event "Niederbayernliga 0809"]
[Site "Germany"]
[Date "2009.03.01"]
[Round "7.4"]
[White "Tauber, Rainer"]
[Black "Denk, Tobias"]
[Result "1/2-1/2"]
[WhiteElo "1977"]
[BlackElo "1733"]
[PlyCount "104"]
[EventDate "2008.10.05"]
[EventType "team-tourn"]
[EventRounds "9"]
[EventCountry "GER"]
[SourceTitle "EXT 2010"]
[Source "ChessBase"]
[SourceDate "2010.11.25"]
[SourceVersion "1"]
[SourceVersionDate "2010.11.25"]
[SourceQuality "1"]
[WhiteTeam "Deggendorf"]
[BlackTeam "Ergolding"]
[WhiteTeamCountry "GER"]
[BlackTeamCountry "GER"]

1. e4 d6 2. d4 Nf6 3. Nc3 g6 4. Nf3 Bg7 5. h3 0-0 6. Be3 c6 7. a4 Nbd7 8. Bc4 Nxe4 9. Nxe4 d5 10. Bd3 dxe4 11. Bxe4 Nf6 12. Bd3 Nd5 13. Qe2 Qd6 14. 0-0 Re8 15. Rfe1 Bd7 16. c3 e5 17. dxe5 Bxe5 18. Nxe5 Rxe5 19. Qd2 Rae8 20. Bd4 Rxe1+ 21. Rxe1 Rxe1+ 22. Qxe1 Qf4 23. Be4 Qd6 24. Bxd5 cxd5 25. Qe3 a6 26. Be5 Qe7 27. Qd4 Bc6 28. Bf6 Qe1+ 29. Kh2 Qe4 30. Qd2 d4 31. f3 Qe3 32. Qxe3 dxe3 33. b3 b5 34. axb5 axb5 35. c4 bxc4 36. bxc4 e2 37. Bc3 f5 38. Kg3 Bb7 39. Kf4 Kf7 40. Ke5 Ba6 41. c5 Ke7 42. Bb4 Kd7 43. h4 Kc6 44. Kf6 e1Q 45. Bxe1 Kxc5 46. Kg7 f4 47. Bd2 Bf1 48. Bxf4 Bxg2 49. Be3+ Kd5 50. f4 Ke4 51. Kxh7 Kxe3 52. Kxg6 Kxf4 1/2-1/2

[Event "Niederbayernliga 0809"]
[Site "Germany"]
[Date "2009.01.18"]
[Round "5.5"]
[White "Bergmann, Reiner"]
[Black "Tauber, Rainer"]
[Result "0-1"]
[WhiteElo "1687"]
[BlackElo "1977"]
[PlyCount "35"]
[EventDate "2008.10.05"]
[EventType "team-tourn"]
[EventRounds "9"]
[EventCountry "GER"]
[SourceTitle "EXT 2010"]
[Source "ChessBase"]
[SourceDate "2010.11.25"]
[SourceVersion "1"]
[SourceVersionDate "2010.11.25"]
[SourceQuality "1"]
[WhiteTeam "Bayerwald"]
[BlackTeam "Deggendorf"]
[WhiteTeamCountry "GER"]
[BlackTeamCountry "GER"]

1. e4 d6 2. d4 Nf6 3. Nc3 Nbd7 4. f4 e5 5. Nf3 exd4 6. Qxd4 c6 7. a4 d5 8. Be3 c5 9. Qd3 d4 10. Nxd4 cxd4 11. Bxd4 Bb4 12. 0-0-0 Qa5 13. e5 Nd5 14. Nxd5 Qxd5 15. Qg3 Qa2 16. c3 Qa1+ 17. Kc2 Qxa4+ 18. Kb1 0-1

[Event "Regionalliga SO 0708"]
[Site "Bayern"]
[Date "2007.11.25"]
[Round "3.7"]
[White "Huber, Edwin"]
[Black "Tauber, Rainer"]
[Result "0-1"]
[WhiteElo "2054"]
[BlackElo "1927"]
[PlyCount "88"]
[EventDate "2007.10.21"]
[EventType "team-tourn"]
[EventRounds "9"]
[EventCountry "GER"]
[SourceTitle "EXT 2009"]
[Source "ChessBase"]
[SourceDate "2008.11.26"]
[SourceVersion "1"]
[SourceVersionDate "2008.11.26"]
[SourceQuality "1"]
[WhiteTeam "Ilmmuenster"]
[BlackTeam "Deggendorf"]
[WhiteTeamCountry "GER"]
[BlackTeamCountry "GER"]

1. d4 d6 2. e4 Nf6 3. Nc3 g6 4. Bc4 Bg7 5. Qe2 Nc6 6. e5 Ng4 7. e6 Nxd4 8. Qxg4 Nxc2+ 9. Kd1 Nxa1 10. exf7+ Kf8 11. Qh4 d5 12. Bd3 Bf5 13. Bxf5 gxf5 14. Nf3 d4 15. Ne2 e5 16. Ng5 Qd6 17. Ng3 h6 18. Nf3 Qc6 19. Ne1 Qa4+ 20. b3 Nxb3 21. axb3 Qxb3+ 22. Ke2 Qc4+ 23. Nd3 e4 24. Nxe4 fxe4 25. Qxe4 Kxf7 26. Qf5+ Kg8 27. Rd1 Rf8 28. Qe4 b6 29. Bf4 Qf7 30. Kf1 c5 31. Re1 c4 32. Bd6 Qf5 33. Bxf8 Qxe4 34. Rxe4 Kxf8 35. Nf4 Kf7 36. Nh5 Rd8 37. Ke1 Rd7 38. f4 b5 39. f5 b4 40. Nf4 b3 41. Kd2 a5 42. Re6 Rb7 43. Kc1 c3 44. Rc6 a4 0-1

[Event "Niederbayernliga 0607"]
[Site "Germany"]
[Date "2007.??.??"]
[Round "5.4"]
[White "Ebner, Johannes"]
[Black "Tauber, Rainer"]
[Result "0-1"]
[WhiteElo "1798"]
[BlackElo "1934"]
[PlyCount "68"]
[EventDate "2006.??.??"]
[EventType "team"]
[EventRounds "9"]
[EventCountry "GER"]
[SourceTitle "EXT 2008"]
[Source "ChessBase"]
[SourceDate "2007.11.25"]
[SourceVersion "1"]
[SourceVersionDate "2007.11.25"]
[SourceQuality "1"]
[WhiteTeam "Grafenau"]
[BlackTeam "Deggendorf"]
[WhiteTeamCountry "GER"]
[BlackTeamCountry "GER"]

1. e4 e5 2. Nf3 d6 3. Nc3 Nf6 4. Be2 g6 5. 0-0 Bg7 6. d3 0-0 7. Bg5 h6 8. Bd2 Nc6 9. Qc1 Kh7 10. h3 d5 11. exd5 Nxd5 12. Ne4 f5 13. Ng3 Be6 14. c3 Qd6 15. Qc2 Rae8 16. Rad1 Bf7 17. Bc1 Nd8 18. Nd2 Nf4 19. Nb3 Nde6 20. Rfe1 Nxe2+ 21. Nxe2 c5 22. Nd2 Nc7 23. b3 Bd5 24. Ng3 Ne6 25. Ndf1 b6 26. f3 Bb7 27. Nd2 e4 28. Ngxe4 fxe4 29. dxe4 Rd8 30. Nc4 Qg3 31. Rf1 Ba6 32. Be3 Bxc4 33. bxc4 Be5 34. Rxd8 Rxd8 0-1

[Event "Niederbayernliga 0506"]
[Site "Germany"]
[Date "2006.??.??"]
[Round "5"]
[White "Schratzenstaller, Andreas"]
[Black "Tauber, Rainer"]
[Result "1/2-1/2"]
[WhiteElo "1961"]
[BlackElo "1951"]
[PlyCount "40"]
[EventDate "2005.??.??"]
[EventType "team"]
[EventRounds "9"]
[EventCountry "GER"]
[SourceTitle "EXT 2008"]
[Source "ChessBase"]
[SourceDate "2007.11.25"]
[SourceVersion "1"]
[SourceVersionDate "2007.11.25"]
[SourceQuality "1"]
[WhiteTeam "Landshut"]
[BlackTeam "Deggendorf"]
[WhiteTeamCountry "GER"]
[BlackTeamCountry "GER"]

1. e4 e6 2. d4 d5 3. Nc3 Be7 4. Bd3 dxe4 5. Nxe4 Nf6 6. Nf3 b6 7. Qe2 Bb7 8. c3 0-0 9. 0-0 Nbd7 10. Rd1 Qc8 11. Bg5 h6 12. Bh4 Re8 13. Nxf6+ Bxf6 14. Bxf6 Nxf6 15. Ne5 c5 16. Bc2 Rd8 17. Qe3 Nd5 18. Qd3 Nf6 19. Qe3 Nd5 20. Qd3 Nf6 1/2-1/2

[Event "Niederbayernliga 0506"]
[Site "Germany"]
[Date "2006.??.??"]
[Round "6"]
[White "Tauber, Rainer"]
[Black "Fischer, Michael"]
[Result "1/2-1/2"]
[WhiteElo "1951"]
[BlackElo "2058"]
[PlyCount "124"]
[EventDate "2005.??.??"]
[EventType "team"]
[EventRounds "9"]
[EventCountry "GER"]
[SourceTitle "EXT 2008"]
[Source "ChessBase"]
[SourceDate "2007.11.25"]
[SourceVersion "1"]
[SourceVersionDate "2007.11.25"]
[SourceQuality "1"]
[WhiteTeam "Deggendorf"]
[BlackTeam "Straubing"]
[WhiteTeamCountry "GER"]
[BlackTeamCountry "GER"]

1. e4 c5 2. c3 Nf6 3. e5 Nd5 4. d4 cxd4 5. Qxd4 e6 6. Nf3 b6 7. Nbd2 Nc6 8. Qe4 Qc7 9. Bd3 Bb7 10. Nc4 Rc8 11. 0-0 f5 12. exf6 Nxf6 13. Qh4 d5 14. Bf4 Qf7 15. Nce5 Qh5 16. Qg3 Ne4 17. Bxe4 dxe4 18. Ng5 Nd8 19. Rfe1 Be7 20. Nxe4 0-0 21. Qe3 Nc6 22. Nxc6 Bxc6 23. Rad1 Qa5 24. a3 Qf5 25. Bg3 Bd5 26. Bd6 Bxe4 27. Bxe7 Rf7 28. Bh4 Bd5 29. Bg3 Qc2 30. Rd2 Qb3 31. h3 h6 32. Qe5 Qc4 33. Rd4 Qc6 34. f3 Rcf8 35. Rf4 Qc5+ 36. Kh2 Rxf4 37. Bxf4 Qf2 38. Re2 Qc5 39. Be3 Qc8 40. Bd4 Qb8 41. Qxb8 Rxb8 42. Kg3 a6 43. Kf4 b5 44. Ke5 a5 45. Rf2 Bc4 46. f4 Rd8 47. Ke4 a4 48. g4 g6 49. h4 Kf7 50. Rh2 Rd5 51. Be5 Rd1 52. h5 Bd5+ 53. Ke3 gxh5 54. Rxh5 Rh1 55. Rxh1 Bxh1 56. Kd4 Bd5 57. f5 Bf3 58. Kc5 Be2 59. fxe6+ Kxe6 60. Bf4 Kf6 61. Bxh6 Kg6 62. Be3 Bc4 1/2-1/2

[Event "Niederbayernliga 0506"]
[Site "Germany"]
[Date "2006.??.??"]
[Round "7"]
[White "Tauber, Rainer"]
[Black "Wist, Dieter"]
[Result "0-1"]
[WhiteElo "1951"]
[BlackElo "1790"]
[PlyCount "84"]
[EventDate "2005.??.??"]
[EventType "team"]
[EventRounds "9"]
[EventCountry "GER"]
[SourceTitle "EXT 2008"]
[Source "ChessBase"]
[SourceDate "2007.11.25"]
[SourceVersion "1"]
[SourceVersionDate "2007.11.25"]
[SourceQuality "1"]
[WhiteTeam "Deggendorf"]
[BlackTeam "Ergolding"]
[WhiteTeamCountry "GER"]
[BlackTeamCountry "GER"]

1. e4 c5 2. c3 d5 3. d3 dxe4 4. dxe4 Qxd1+ 5. Kxd1 Nc6 6. Be3 e6 7. Na3 Bd7 8. Nh3 Nf6 9. f3 Be7 10. Kc2 0-0-0 11. Nc4 h6 12. Nf2 b5 13. Nd2 Ne5 14. Nb3 c4 15. Nc5 Bc6 16. a4 Bxc5 17. Bxc5 a6 18. Be2 Rd7 19. Bd4 Ng6 20. axb5 Bxb5 21. Rhd1 Rhd8 22. e5 Nd5 23. Re1 Kc7 24. Ne4 Nb4+ 25. Kc1 Nc6 26. Nc5 Nxd4 27. cxd4 Rxd4 28. Nxa6+ Kb6 29. Nb4 Nxe5 30. Rd1 Nd3+ 31. Bxd3 cxd3 32. Na2 Ba4 33. Rd2 Rc8+ 34. Nc3 Bc2 35. Ra3 Rdd8 36. Rf2 Ra8 37. Rxa8 Rxa8 38. Ne4 f5 39. Ng3 Kc5 40. Kd2 Rb8 41. Kc1 Kd4 42. Nf1 f4 0-1

[Event "Niederbayernliga 0405"]
[Site "Germany"]
[Date "2005.??.??"]
[Round "7"]
[White "Koenigl, Anton"]
[Black "Tauber, Rainer"]
[Result "1/2-1/2"]
[WhiteElo "1758"]
[BlackElo "1979"]
[PlyCount "140"]
[EventDate "2004.??.??"]
[EventType "team"]
[EventRounds "9"]
[EventCountry "GER"]
[SourceTitle "EXT 2008"]
[Source "ChessBase"]
[SourceDate "2007.11.25"]
[SourceVersion "1"]
[SourceVersionDate "2007.11.25"]
[SourceQuality "1"]
[WhiteTeam "Ergolding"]
[BlackTeam "Deggendorf"]
[WhiteTeamCountry "GER"]
[BlackTeamCountry "GER"]

1. c4 e6 2. Nf3 Nf6 3. a3 b6 4. g3 Bb7 5. Bg2 Be7 6. 0-0 0-0 7. Nc3 c5 8. d4 cxd4 9. Nxd4 Bxg2 10. Kxg2 Qc7 11. Qd3 Rc8 12. Qf3 Nc6 13. Nxc6 Qxc6 14. b3 d5 15. Bb2 dxc4 16. b4 Qxf3+ 17. Kxf3 Nd5 18. e4 Nxc3 19. Bxc3 Rd8 20. Rad1 f6 21. Rfe1 b5 22. Ke2 Rxd1 23. Rxd1 Rd8 24. Rxd8+ Bxd8 25. Bd4 a5 26. Bc3 axb4 27. axb4 Kf7 28. h3 e5 29. f4 Ke6 30. fxe5 fxe5 31. Kf3 Bb6 32. Ke2 Bd4 33. Be1 Kf6 34. Kd2 Kg5 35. Ke2 Kh5 36. Kd2 g6 37. Ke2 Bb2 38. Kd2 Kg5 39. Kc2 Bd4 40. Bd2+ Kh5 41. Be1 h6 42. Kd2 Kg5 43. Ke2 c3 44. Kd3 h5 45. Ke2 h4 46. Kd3 hxg3 47. Bxg3 Kh6 48. Bh4 Kh5 49. Bg3 Kg5 50. Kc2 Kh5 51. Kd3 g5 52. Be1 g4 53. h4 Bg1 54. Bg3 Bd4 55. Kc2 Kg6 56. Kd3 Kf6 57. Kc2 Be3 58. Kxc3 Bf4 59. Bxf4 exf4 60. Kd3 g3 61. Ke2 g2 62. Kf2 f3 63. Kg1 Ke5 64. h5 Kxe4 65. h6 Ke3 66. h7 Ke2 67. h8Q f2+ 68. Kxg2 f1Q+ 69. Kh2 Qf4+ 70. Kg2 Qxb4 1/2-1/2

[Event "Niederbayernliga 0304"]
[Site "Germany"]
[Date "2004.??.??"]
[Round "7"]
[White "Tauber, Rainer"]
[Black "Grimm, Markus"]
[Result "1-0"]
[WhiteElo "1952"]
[BlackElo "1868"]
[PlyCount "49"]
[EventDate "2003.??.??"]
[EventType "team"]
[EventRounds "9"]
[EventCountry "GER"]
[SourceTitle "EXT 2008"]
[Source "ChessBase"]
[SourceDate "2007.11.25"]
[SourceVersion "1"]
[SourceVersionDate "2007.11.25"]
[SourceQuality "1"]
[WhiteTeam "Deggendorf"]
[BlackTeam "Straubing"]
[WhiteTeamCountry "GER"]
[BlackTeamCountry "GER"]

1. e4 e5 2. Nf3 Nc6 3. Bc4 Nf6 4. d4 exd4 5. e5 d5 6. Bb5 Ne4 7. Nxd4 Bd7 8. Bxc6 bxc6 9. 0-0 Be7 10. f3 Nc5 11. f4 0-0 12. f5 Ne4 13. Nc3 Nxc3 14. bxc3 c5 15. Nb3 c4 16. Nd4 c5 17. Ne2 Bc6 18. Ng3 d4 19. Qg4 Kh8 20. Nh5 Rg8 21. Nf4 Bg5 22. Qh3 Bxf4 23. Bxf4 Qd5 24. Rf3 Qe4 25. Qxh7+ 1-0

[Event "Niederbayernliga 0405"]
[Site "Germany"]
[Date "2004.??.??"]
[Round "4"]
[White "Tauber, Rainer"]
[Black "Hoechtl, Alois"]
[Result "1-0"]
[WhiteElo "1979"]
[BlackElo "1781"]
[PlyCount "71"]
[EventDate "2004.??.??"]
[EventType "team"]
[EventRounds "9"]
[EventCountry "GER"]
[SourceTitle "EXT 2008"]
[Source "ChessBase"]
[SourceDate "2007.11.25"]
[SourceVersion "1"]
[SourceVersionDate "2007.11.25"]
[SourceQuality "1"]
[WhiteTeam "Deggendorf"]
[BlackTeam "Eggenfelden"]
[WhiteTeamCountry "GER"]
[BlackTeamCountry "GER"]

1. e4 e5 2. Bc4 Nf6 3. d4 Nxe4 4. dxe5 Nc5 5. Nf3 Be7 6. Nc3 Ne6 7. Qe2 0-0 8. 0-0 a6 9. Rd1 b5 10. Bd5 c6 11. Bb3 Nc5 12. Ne4 Nxe4 13. Qxe4 Bb7 14. c3 Qc7 15. Qg4 g6 16. Bh6 c5 17. Bxf8 Bxf8 18. Bd5 Nc6 19. Qf4 Nd8 20. Ng5 Bxd5 21. Rxd5 f5 22. Rad1 Ne6 23. Nxe6 dxe6 24. Rd7 Qc8 25. Qh4 h6 26. Qf6 Qe8 27. Rd8 Rxd8 28. Rxd8 Qf7 29. Qxf7+ Kxf7 30. Rd7+ Ke8 31. Ra7 b4 32. Rxa6 Kd7 33. f4 g5 34. g3 gxf4 35. gxf4 h5 36. Kg2 1-0

[Event "Niederbayernliga 0203"]
[Site "Germany"]
[Date "2003.??.??"]
[Round "4.4"]
[White "Tauber, Rainer"]
[Black "Heidgen, Andreas"]
[Result "1-0"]
[WhiteElo "1969"]
[BlackElo "1823"]
[PlyCount "54"]
[EventDate "2002.??.??"]
[EventType "team"]
[EventRounds "9"]
[EventCountry "GER"]
[SourceTitle "EXT 2008"]
[Source "ChessBase"]
[SourceDate "2007.11.25"]
[SourceVersion "1"]
[SourceVersionDate "2007.11.25"]
[SourceQuality "1"]
[WhiteTeam "Deggendorf"]
[BlackTeam "Straubing II"]
[WhiteTeamCountry "GER"]
[BlackTeamCountry "GER"]

1. e4 e6 2. d3 d5 3. Nd2 dxe4 4. dxe4 Bd7 5. Ngf3 Bc6 6. Bd3 Nd7 7. Qe2 Bc5 8. a3 a6 9. 0-0 Qe7 10. b4 Bb6 11. c4 Ndf6 12. c5 Ba7 13. Ne5 Ba4 14. Ndc4 Rd8 15. Na5 Nd7 16. Nec4 b6 17. cxb6 Bxb6 18. Nb2 Bxa5 19. Nxa4 Bb6 20. Bxa6 Ngf6 21. Rd1 0-0 22. Bg5 e5 23. Rac1 Ra8 24. Bb5 Qe6 25. Rc6 Qb3 26. Rd3 Qb1+ 27. Rc1 Qxd3 1-0

[Event "Niederbayernliga 0203"]
[Site "Germany"]
[Date "2003.??.??"]
[Round "7.5"]
[White "Tauber, Rainer"]
[Black "Palmi, Herbert"]
[Result "1/2-1/2"]
[WhiteElo "1969"]
[BlackElo "1963"]
[PlyCount "56"]
[EventDate "2002.??.??"]
[EventType "team"]
[EventRounds "9"]
[EventCountry "GER"]
[SourceTitle "EXT 2008"]
[Source "ChessBase"]
[SourceDate "2007.11.25"]
[SourceVersion "1"]
[SourceVersionDate "2007.11.25"]
[SourceQuality "1"]
[WhiteTeam "Deggendorf"]
[BlackTeam "Bayerwald"]
[WhiteTeamCountry "GER"]
[BlackTeamCountry "GER"]

1. g3 c5 2. Bg2 Nc6 3. d3 d5 4. Nf3 Nf6 5. 0-0 h6 6. Nbd2 e5 7. e4 dxe4 8. dxe4 Be6 9. c3 Bd6 10. Qe2 Qe7 11. Nc4 Bc7 12. Nh4 Rd8 13. Ne3 a6 14. Nhf5 Qf8 15. Rd1 Rxd1+ 16. Qxd1 g6 17. Nh4 Qd6 18. Qxd6 Bxd6 19. Nd5 Bxd5 20. exd5 Ne7 21. c4 g5 22. Nf3 Nf5 23. Bd2 g4 24. Ne1 Nd4 25. Nd3 Nd7 26. Re1 f5 27. Bf4 Nc2 28. Re2 Nd4 1/2-1/2

[Event "Niederbayernliga 0203"]
[Site "Germany"]
[Date "2003.??.??"]
[Round "9.3"]
[White "Tauber, Rainer"]
[Black "Stauber, Volker"]
[Result "1-0"]
[WhiteElo "1969"]
[BlackElo "1872"]
[PlyCount "63"]
[EventDate "2002.??.??"]
[EventType "team"]
[EventRounds "9"]
[EventCountry "GER"]
[SourceTitle "EXT 2008"]
[Source "ChessBase"]
[SourceDate "2007.11.25"]
[SourceVersion "1"]
[SourceVersionDate "2007.11.25"]
[SourceQuality "1"]
[WhiteTeam "Deggendorf"]
[BlackTeam "Passau II"]
[WhiteTeamCountry "GER"]
[BlackTeamCountry "GER"]

1. e4 c6 2. d4 d5 3. Nc3 dxe4 4. Nxe4 Nf6 5. Nxf6+ gxf6 6. c3 h5 7. Nf3 Bf5 8. g3 Qd7 9. h3 Qe6+ 10. Qe2 Nd7 11. Nh4 Be4 12. f3 Bd5 13. Qxe6 Bxe6 14. Bg2 Nb6 15. Kf2 0-0-0 16. b3 Nd5 17. Bb2 Bh6 18. f4 Rdg8 19. Rad1 Rh7 20. c4 Nb6 21. Rhe1 Bf8 22. d5 cxd5 23. cxd5 Bd7 24. Bd4 Kd8 25. d6 exd6 26. Bxb7 Be7 27. Rd3 Re8 28. Be4 Rh6 29. Nf5 Bxf5 30. Bxf5 Bf8 31. Rc1 Nd7 32. Bxa7 1-0

[Event "Regionalliga SO 0102"]
[Site "Bayern"]
[Date "2002.02.24"]
[Round "6.5"]
[White "Schmaus, Horst"]
[Black "Tauber, Rainer"]
[Result "1-0"]
[WhiteElo "2090"]
[BlackElo "1990"]
[PlyCount "134"]
[EventDate "2001.10.07"]
[EventType "team"]
[EventRounds "9"]
[EventCountry "GER"]
[SourceTitle "EXT 2003"]
[Source "ChessBase"]
[SourceDate "2002.11.25"]
[SourceVersion "1"]
[SourceVersionDate "2002.11.25"]
[SourceQuality "1"]
[WhiteTeam "Landshut"]
[BlackTeam "Deggendorf"]
[WhiteTeamCountry "GER"]
[BlackTeamCountry "GER"]

1. e4 e6 2. d4 d5 3. e5 c5 4. c3 Nc6 5. Nf3 Qb6 6. a3 Bd7 7. b4 cxd4 8. cxd4 Rc8 9. Bb2 Na5 10. Nbd2 Nc4 11. Nxc4 dxc4 12. Rc1 a5 13. Nd2 axb4 14. Nxc4 Qd8 15. axb4 b5 16. Nd6+ Bxd6 17. exd6 Nf6 18. Rc5 0-0 19. Bd3 Qb6 20. 0-0 Nd5 21. Qd2 Ra8 22. Rfc1 Ra2 23. Bb1 Ra4 24. Bc2 Raa8 25. Bd3 Ra2 26. R1c2 Ra4 27. Bc3 Rb8 28. Be4 Qxd6 29. Bxd5 exd5 30. Qc1 Re8 31. Bd2 Qa6 32. Qd1 Be6 33. h3 h6 34. Qf3 Ra2 35. Kh2 Rxc2 36. Rxc2 Qa1 37. Qf4 Qf1 38. Rc7 Qd3 39. Be3 Qb1 40. Qg3 Kh8 41. Qd6 Qd3 42. Qb6 g5 43. Qd6 Qg6 44. Qe5+ Kh7 45. Rb7 Qd3 46. Qf6 Qg6 47. Qxg6+ Kxg6 48. Rxb5 Kf5 49. g4+ Ke4 50. Kg3 Ra8 51. Rb7 Ra1 52. Rb8 Rg1+ 53. Kh2 Rb1 54. Kg2 Bd7 55. Rb7 Be6 56. b5 Rb2 57. Rb8 Bd7 58. Rh8 f5 59. gxf5 Kxf5 60. Rxh6 Rxb5 61. Rh5 Rb3 62. Rxg5+ Ke6 63. Kg3 Rb1 64. Kg2 Ba4 65. Re5+ Kd6 66. Bf4 Kc6 67. h4 Bc2 1-0

[Event "Regionalliga SO 0102"]
[Site "Bayern"]
[Date "2002.01.20"]
[Round "4.4"]
[White "Tauber, Rainer"]
[Black "Bayer, Bernhard"]
[Result "0-1"]
[WhiteElo "1990"]
[BlackElo "2205"]
[PlyCount "70"]
[EventDate "2001.10.07"]
[EventType "team"]
[EventRounds "9"]
[EventCountry "GER"]
[SourceTitle "EXT 2003"]
[Source "ChessBase"]
[SourceDate "2002.11.25"]
[SourceVersion "1"]
[SourceVersionDate "2002.11.25"]
[SourceQuality "1"]
[WhiteTeam "Deggendorf"]
[BlackTeam "Tegernsee II"]
[WhiteTeamCountry "GER"]
[BlackTeamCountry "GER"]

1. e4 c5 2. Nf3 d6 3. c3 Nf6 4. Be2 e6 5. 0-0 Nc6 6. d3 Be7 7. Nbd2 0-0 8. a3 a5 9. b3 d5 10. Bb2 Bd6 11. Re1 Bc7 12. Bf1 d4 13. cxd4 cxd4 14. b4 axb4 15. axb4 Rxa1 16. Bxa1 b5 17. Nb3 e5 18. Qd2 Bd6 19. Nc5 Qe7 20. Rc1 Nd7 21. Bb2 Nxb4 22. Qxb4 Nxc5 23. Qxb5 Ba6 24. Qa5 Bxd3 25. Rxc5 Bxf1 26. Rd5 Bc4 27. Rxe5 Bxe5 28. Qxe5 Qxe5 29. Nxe5 Rb8 30. Nxc4 Rb4 31. f3 Rxc4 32. Kf1 d3 33. g4 Rc2 34. Be5 Rc1+ 35. Kf2 d2 0-1